|
|
|
|
| LEADER |
01987nam a2200409 4500 |
| 001 |
ocn809032207 |
| 003 |
OCoLC |
| 005 |
20180501122002.0 |
| 006 |
m o d |
| 007 |
cr |n||||||||| |
| 008 |
120501s2012 caua ob 001 0 eng d |
| 040 |
|
|
|a CDX
|b eng
|e pn
|c CDX
|d OCLCQ
|d OPELS
|d OCLCQ
|d OCLCF
|d OCLCQ
|d UAB
|d GrThAP
|
| 020 |
|
|
|a 9780123943088
|q (electronic bk.)
|
| 020 |
|
|
|a 0123943086
|q (electronic bk.)
|
| 024 |
8 |
|
|a 9786613626004
|
| 035 |
|
|
|a (OCoLC)809032207
|
| 050 |
|
4 |
|a QH581.2
|b .I58 2012eb
|
| 082 |
0 |
4 |
|a 571.6
|2 23
|
| 049 |
|
|
|a TEFA
|
| 245 |
0 |
0 |
|a International review of cell and molecular biology.
|n Vol. 297 /
|c edited by Kwang W. Jeon.
|
| 250 |
|
|
|a 1st ed.
|
| 260 |
|
|
|a San Diego, CA :
|b Elsevier/Academic Press,
|c 2012.
|
| 300 |
|
|
|a 1 online resource (xi, 344 pages) :
|b illustrations
|
| 336 |
|
|
|a text
|b txt
|2 rdacontent
|
| 337 |
|
|
|a computer
|b c
|2 rdamedia
|
| 338 |
|
|
|a online resource
|b cr
|2 rdacarrier
|
| 504 |
|
|
|a Includes bibliographical references and index.
|
| 520 |
|
|
|a International Review of Cell and Molecular Biology presents current advances and comprehensive reviews in cell biology--both plant and animal. Articles address structure and control of gene expression, nucleocytoplasmic interactions, control of cell development and differentiation, and cell transformation and growth. * Authored by some of the foremost scientists in the field * Provides up-to-date information and directions for future research * Valuable reference material for advanced undergraduates, graduate students and professional scientists.
|
| 588 |
0 |
|
|a Print version record.
|
| 650 |
|
0 |
|a Cells.
|
| 650 |
|
0 |
|a Molecular biology.
|
| 650 |
|
7 |
|a Cells.
|2 fast
|0 (OCoLC)fst00850250
|
| 650 |
|
7 |
|a Molecular biology.
|2 fast
|0 (OCoLC)fst01024734
|
| 655 |
|
4 |
|a Electronic books.
|
| 700 |
1 |
|
|a Jeon, Kwang W.
|
| 776 |
0 |
8 |
|i Print version:
|z 9786613626004
|w (OCoLC)793684401
|
| 856 |
4 |
0 |
|u https://www.sciencedirect.com/science/bookseries/19376448/297
|z Full Text via HEAL-Link
|